Central Library OPAC University of Rajshahi

ভারত-বাংলাদেশ সম্পর্কের চালচিত্র বর্তমান পরিপ্রেক্ষিত / (Record no. 76320)

MARC details
000 -LEADER
fixed length control field 01084nam a22002417a 4500
001 - CONTROL NUMBER
control field 76320
003 - CONTROL NUMBER IDENTIFIER
rucl marc code BD-RjUL
005 - DATE AND TIME OF LATEST TRANSACTION
control field 20211209082827.0
008 - FIXED-LENGTH DATA ELEMENTS--GENERAL INFORMATION
fixed length control field 191124s2011 bg ||||| |||| 00| 0 ben d
020 ## - INTERNATIONAL STANDARD BOOK NUMBER
International Standard Book Number 9847015602130
035 ## - SYSTEM CONTROL NUMBER
System control number (BD-RjUL)76541
040 ## - CATALOGING SOURCE
Original cataloging agency BD-RjUL
Language of cataloging eng
Transcribing agency BD-RjUL
041 ## - LANGUAGE CODE
Language code of text/sound track or separate title eng
082 ## - DEWEY DECIMAL CLASSIFICATION NUMBER
Edition number 23
Classification number 327.5405492
Author mark and year MAB 2011
100 ## - MAIN ENTRY--PERSONAL NAME
Personal name মামুন, মুনতাসীর
9 (RLIN) 235396
245 10 - TITLE STATEMENT
Title ভারত-বাংলাদেশ সম্পর্কের চালচিত্র বর্তমান পরিপ্রেক্ষিত /
Statement of responsibility, etc. মুনতাসীর মামুন , জয়ন্ত কুমার রায়
260 ## - PUBLICATION, DISTRIBUTION, ETC. (IMPRINT)
Place of publication, distribution, etc. ঢাকা :
Name of publisher, distributor, etc. মাওলা ব্রাদার্স,
Date of publication, distribution, etc. ২০১১
300 ## - PHYSICAL DESCRIPTION
Pagination ১৫৭ পৃ.;
Size ২৩সেমি.
650 ## - SUBJECT ADDED ENTRY--TOPICAL TERM
Topical term or geographic name as entry element ভারত
General subdivision বৈদেশিক সম্পর্ক
Geographic subdivision বাংলাদেশ
9 (RLIN) 235397
Topical term or geographic name as entry element India
General subdivision Foreign relations
Geographic subdivision Bangladesh.
9 (RLIN) 235398
700 ## - ADDED ENTRY--PERSONAL NAME
Personal name রায়, জয়ন্ত কুমার
942 ## - ADDED ENTRY ELEMENTS (KOHA)
Source of classification or shelving scheme Dewey Decimal Classification
Koha item type Books
Holdings
Lost status Source of classification or shelving scheme Damaged status Not for loan Collection code Permanent Location Current Location Shelving location Date acquired Source of acquisition Cost, normal purchase price Total Checkouts Full call number Date last seen Date checked out Copy number Koha item type
  Dewey Decimal Classification     Non-fiction Central Library, University of Rajshahi Central Library, University of Rajshahi   12/11/2019 Biddasagar, Rajshahi 250.00 2 B 327.5405492 MAB 2011 22/07/2025 14/07/2025 C-2 Books
  Dewey Decimal Classification   Not For Loan Non-fiction Central Library, University of Rajshahi Central Library, University of Rajshahi Reading Room 12/11/2019 Biddasagar, Rajshahi 250.00   B 327.5405492 MAB 2011 24/11/2019   C-1 Books